Marketingové trendy v postkrízovom období

Zdvorilostné prejavy zo strany firiem na prilákanie, zapojenie potenciálnych a existujúcich zákazníkov poskytovaním vernostných kariet, rôznych zliav a darčekov. Sledovanie meniacich sa trendov spotrebiteľov miest. Pandemónium ceny. Vyrobené pre Čínu. Žiť zdravo a pohodlne – wellness a healthy– welt...

Descrizione completa

Salvato in:
Dettagli Bibliografici
Autore principale: Šimorová, Lenka
Natura: Capitolo di libro
Lingua:slovacco
Soggetti:
Tags: Aggiungi Tag
Nessun Tag, puoi essere il primo ad aggiungerne!!

MARC

LEADER 00000nla$a2200000$$$4500
001 0141933
005 20240502083330.2
041 0 |a slo 
044 |a CZ 
245 1 0 |a Marketingové trendy v postkrízovom období  |c Lenka Šimorová 
520 |a Zdvorilostné prejavy zo strany firiem na prilákanie, zapojenie potenciálnych a existujúcich zákazníkov poskytovaním vernostných kariet, rôznych zliav a darčekov. Sledovanie meniacich sa trendov spotrebiteľov miest. Pandemónium ceny. Vyrobené pre Čínu. Žiť zdravo a pohodlne – wellness a healthy– welthy. Veľkorysosť bohatých značiek. Spontánnosť. Ekonadradenosť - dôraz na trvalo udržateľný rozvoj. Multivlastníctvo produktov. 
610 2 0 |a marketing 
610 2 0 |a vývoj 
610 2 0 |a komunikácia marketingová 
610 2 0 |a zákazníci 
610 2 0 |a firmy 
610 2 0 |a značky výrobkov 
610 2 0 |a ekológia 
610 2 0 |a ceny 
610 2 0 |a zľavy obchodné 
610 2 0 |a rozvoj trvalo udržateľný 
100 1 |a Šimorová, Lenka